| 000 | 01118cam a2200313 a 4500 | ||
|---|---|---|---|
| 999 |
_c3903 _d3903 |
||
| 001 | 2423633 | ||
| 003 | GBCCL | ||
| 005 | 20241126110506.0 | ||
| 008 | 871209s1988 miu b 000 0 eng | ||
| 010 | _a 87035301 | ||
| 020 | _a0310377714 (pbk.) | ||
| 040 |
_aDLC _cDLC _dDLC |
||
| 050 | 0 | 0 |
_aBV4907 _b.O67 1988 |
| 082 | 0 | 0 |
_a248.86092 _219 _bOOS |
| 100 | 1 |
_aOosterveen, Gerald. _97673 |
|
| 245 | 1 | 0 |
_aToo early frost : _ba father's account of losing a son / _cby Gerald Oosterveen. |
| 260 |
_aGrand Rapids, Mich. : _bZondervan Books, _cc1988. |
||
| 300 |
_a154 p. ; _c21 cm. |
||
| 504 | _aBibliography: p. 153-154. | ||
| 600 | 1 | 0 |
_aOosterveen, Gerald. _97673 |
| 600 | 1 | 0 |
_aOosterveen, Gerard Richard, _d1961-1970. _97674 |
| 650 | 0 |
_aChildren _xDeath _xReligious aspects _xChristianity. _97272 |
|
| 650 | 0 |
_aCancer in children _xReligious aspects _xChristianity. _97675 |
|
| 650 | 0 |
_aBereavement _xReligious aspects _xChristianity. _95489 |
|
| 650 | 0 |
_aFathers and sons _xReligious aspects _xChristianity. _97676 |
|
| 650 | 0 |
_aConsolation. _9348 |
|
| 906 |
_a7 _bcbc _corignew _d1 _eocip _f19 _gy-gencatlg |
||
| 942 |
_2ddc _cBK |
||